01791 2200193 4500001002100000005001500021035002000036245009800056100001600154250001700170300003500187700002400222260003200246082001100278084001700289020002200306600002400328520124500352INLIS00000000000106720250502113652 a0010-05250000111 aSalman Akidah Akhlak :bUntuk Madrasah Ibtidaiyah Kelas V /cAbdul Haris; Laili Faridah Haris0 aAbdul Haris acetakan ke-1 avi, 122 hlm :bilus ;c27,5 cm0 aLaili Faridah Haris aSidoarjo :bMasmedia,c2020 a372.84 a372.84 ABD s a978-602-232-084-5 4aBuku Teks Pelajaran aBuku Akidah Akhlak tingkat Madrasah Ibtidaiyah ini disusun berdasarkan Kompetensi Inti (KI) dan Kompetensi Dasar (KD) sesuai dengan Keputusan Menteri Agama (KMA) No. 183 tahun 2019 tentang Kurikulum PAI dan Bahasa Arab pada Madrasah. Dengan buku ini, peserta didik diharapkan memiliki kemampuan memahami dan melaksanakan ibadah dengan benar yang didasarkan pada kaidah dan tata cara yang diajarkan Rasulullah saw. Selain itu, peserta didik juga dapat mengambil hikmah dari ibadah yang dilakukan sehingga bisa berperilaku santun, arif, dan bijaksana. Buku ini disusun dengan menggunakan pendekatan saintifik (berpikir ilmiah) dan mengembangkan penilaian autentik. Dengan pendekatan saintifik peserta didik diajak mengalami belajar dengan melakukan kegiatan mengamati, menanya, mengumpulkan informasi/mencoba, menalar/mengasosiasi, dan mengomunikasikan. Penilaian autentik dikembangkan agar peserta didik dapat mencapai Standar Kompetensi secara profesional, terbuka, sesuai konteks sosial-budaya dan dapat dilaporkan secara objektif, terukur, akuntabel, dan informatif. Buku ini juga disajikan dengan menggunakan teks yang mudah dipahami, gambar yang mudah dimaknai, suplemen yang mudah dikomunikasikan, dan bersifatĀ kontekstual